Loading...
| Fine Arts - Classical Music | 3 | 6.67 | 67% | 0% | 0% |
| Fine Arts - Other Fine Arts | 5 | 14.00 | 100% | 20% | 20% |
| Fine Arts - Visual Fine Arts | 4 | 15.00 | 100% | 50% | 0% |
| Geography/Current Events | 2 | 20.00 | 100% | 100% | 0% |
| History - American History | 7 | 15.71 | 100% | 57% | 0% |
| History - European History | 3 | 20.00 | 100% | 100% | 0% |
| History - Other History | 6 | 10.00 | 83% | 17% | 0% |
| History - World History | 2 | 15.00 | 100% | 50% | 0% |
| Literature - American Literature | 3 | 10.00 | 100% | 0% | 0% |
| Literature - British Literature | 4 | 7.50 | 75% | 0% | 0% |
| Literature - European Literature | 3 | 13.33 | 100% | 0% | 33% |
| Literature - World/Other Literature | 4 | 20.00 | 100% | 100% | 0% |
| Mythology | 3 | 16.67 | 100% | 67% | 0% |
| Philosophy | 3 | 13.33 | 100% | 0% | 33% |
| Pop Culture | 1 | 20.00 | 100% | 100% | 0% |
| Religion | 5 | 14.00 | 100% | 40% | 0% |
| Science - Biology | 3 | 13.33 | 100% | 33% | 0% |
| Science - Chemistry | 5 | 20.00 | 100% | 80% | 20% |
| Science - Other Science | 4 | 10.00 | 75% | 25% | 0% |
| Science - Physics | 3 | 13.33 | 67% | 67% | 0% |
| Social Science | 6 | 10.00 | 100% | 0% | 0% |